Prežijú malé podniky rok 2004?

Prednosti a riziká malých podnikov v procese globalizácie. Dva spôsoby ako sa podniky môžu vyrovnať s procesom globalizácie.

Na minha lista:
Detalhes bibliográficos
Autor principal: Lipianska, Ľudmila
Formato: Capítulo de Livro
Idioma:eslovaco
Assuntos:
Tags: Adicionar Tag
Sem tags, seja o primeiro a adicionar uma tag!

MARC

LEADER 00000naa a2200000 4500
001 r045829
005 20230920074759.0
041 0 |a slo 
044 |a SK 
245 1 0 |a Prežijú malé podniky rok 2004?  |c Ľudmila Lipianska 
520 |a Prednosti a riziká malých podnikov v procese globalizácie. Dva spôsoby ako sa podniky môžu vyrovnať s procesom globalizácie. 
610 2 0 |a podnik 
610 2 0 |a globalizácia 
610 2 0 |a konkurencia 
610 2 0 |a internacionalizácia 
610 2 0 |a podnikatelia 
610 2 0 |a trh zahraničný 
100 1 |a Lipianska, Ľudmila